000
00306nam a2200133Ia 4500
005
20251222141919.0
008
251222s9999||||xx |||||||||||||| ||spa||
020
_a
950-892-191-2
082
_a
371.5/M19
100
_a
Maldonado, Horacio
245
0
_a
Convivencia Escolar:
264
_b
Lugar
942
_c
LIB
999
_c
8648
_d
8648